Största kommunerna per län - Statistics

General Stats
  • This quiz has been taken 68 times
  • The average score is 16 of 21
Answer Stats
Län Befolkning Answer % Correct
Stockholm 978 770 Stockholm
95%
Skåne 351 749 Malmö
93%
Uppsala 237 596 Uppsala
89%
Västra Götaland 587 549 Göteborg
87%
Jönköping 143 579 Jönköping
85%
Kalmar 71 328 Kalmar
84%
Värmland 95 408 Karlstad
84%
Norrbotten 78 867 Luleå
84%
Örebro 156 987 Örebro
84%
Västerbotten 130 997 Umeå
82%
Dalarna 59 837 Falun
78%
Gävleborg 103 136 Gävle
78%
Blekinge 66 708 Karlskrona
76%
Halland 104 573 Halmstad
75%
Östergötland 165 527 Linköping
75%
Jämtland 64 324 Östersund
67%
Västernorrland 99 383 Sundsvall
67%
Västmanland 156 838 Västerås
64%
Kronoberg 95 995 Växjö
64%
Södermanland 107 593 Eskilstuna
58%
Gotland 61 001 Gotland
56%
No matching quizzes found
Score Distribution
Percent of People with Each Score
Percentile by Number Answered
Your Score History
You have not taken this quiz